Statistics for Colors that begin with the letter B

Click here to take the quiz!

General Stats

  • This quiz has been taken 2,522 times
  • The average score is 6 of 27

Answer Stats

HintAnswer% Correct
Blue
99%
Brown
91%
Black
87%
Beige
85%
Baby Blue
44%
Burgundy
38%
Burnt Orange
26%
Burnt Sienna
26%
Bronze
22%
Blue Green
21%
Burnt Umber
16%
Blue Violet
14%
Blush
13%
Brass
9%
Buff
9%
Bisque
6%
Bistre
5%
Blood Red
5%
Byzantium
4%
Blanched Almond
3%
Bondi Blue
3%
Broccoli
2%
Bubbles
2%
Burlywood
2%
Blue Angels
1%
Blue Deep
1%
Blue Spider
1%

Score Distribution

Percentile by Number Answered

Percent of People with Each Score

Your Score History

You have not taken this quiz